[Event "Oberliga Ost-B 9495"]
[Site "GER"]
[Date "1995.??.??"]
[Round "?"]
[White "Babrikowski, Peter"]
[Black "Winterfeld, Dirk"]
[Result "1/2-1/2"]
[WhiteElo "2265"]
[BlackElo "2215"]
[PlyCount "69"]
[EventDate "1994.10.??"]
[Source "www.chesslib.no"]
[SourceDate "2004.05.04"]

1. e4 e5 2. Nc3 Nf6 3. f4 d5 4. fxe5 Nxe4 5. Qf3 f5 6. d3 Nxc3 7. bxc3 d4 8. Bd2 Nc6 9. Qg3 dxc3 10. Bxc3 Nd4 11. Rc1 Ne6 12. Nf3 Ba3 13. Rd1 O-O 14. Be2 c6 15. O-O Be7 16. d4 b5 17. Kh1 Nc7 18. Ba5 Be6 19. d5 Bxd5 20. Nd4 Qc8 21. Bxc7 Qxc7 22. Nxf5 Bb4 23. Rd4 Be6 24. Nh6+ Kh8 25. Rxb4 Rxf1+ 26. Bxf1 gxh6 27. Qf2 Qxe5 28. Rf4 Qg7 29. h3 Bxa2 30. Rg4 Qe5 31. Bd3 Qa1+ 32. Kh2 Qe5+ 33. Kh1 Qa1+ 34. Kh2 Qe5+ 35. Kh1 1/2-1/2

[Event "Cappelle Open"]
[Site "Cappelle la Grande FRA"]
[Date "1991.??.??"]
[Round "?"]
[White "Belkhodja, Slim"]
[Black "Tagnon, Nicole"]
[Result "1-0"]
[WhiteElo "2365"]
[BlackElo "2110"]
[PlyCount "59"]
[EventDate "1991.02.??"]
[Source "www.chesslib.no"]
[SourceDate "2004.05.04"]

1. e4 e5 2. Nc3 Nf6 3. f4 d5 4. fxe5 Nxe4 5. Qf3 Nxc3 6. dxc3 Qh4+ 7. g3 Qe4+ 8. Qxe4 dxe4 9. Bg2 Nc6 10. Bf4 Bf5 11. O-O-O h6 12. h4 Bc5 13. Bh3 Bxh3 14. Nxh3 O-O 15. Rde1 Rfe8 16. Rxe4 Re6 17. b4 Bd6 18. exd6 Rxe4 19. dxc7 a6 20. a4 Ree8 21. Rd1 f6 22. h5 Ne5 23. Bxe5 fxe5 24. Rd7 Kf8 25. b5 axb5 26. axb5 b6 27. c4 Re7 28. Rd8+ Re8 29. Rxa8 Rxa8 30. c5 1-0

[Event "Budapest FS06 IM"]
[Site "Budapest"]
[Date "1997.??.??"]
[Round "8"]
[White "Erdei, Andras"]
[Black "Salinnikov, Denis Y"]
[Result "1-0"]
[WhiteElo "2210"]
[BlackElo "2260"]
[PlyCount "45"]
[EventDate "1997.06.??"]
[Source "ChessBase"]
[SourceDate "1997.07.29"]

1. e4 e5 2. Nc3 Nf6 3. f4 d5 4. fxe5 Nxe4 5. Qf3 Nxc3 6. bxc3 Qh4+ 7. g3 Qe4+ 8. Qxe4 dxe4 9. Bg2 Bf5 10. d4 Nd7 11. Nh3 f6 12. exf6 Nxf6 13. O-O Bg6 14. Bg5 O-O-O 15. Nf4 Be7 16. Rae1 Bf7 17. Bxe4 Rde8 18. Bf5+ Kb8 19. Be6 Bxe6 20. Nxe6 Nd5 21. Nxg7 Reg8 22. Bxe7 Rxg7 23. Rf8+ 1-0

[Event "First Saturday IM - Giugno 2008"]
[Site "Budapest UNG"]
[Date "2008.06.10"]
[Round "4"]
[White "Lyell, Mark"]
[Black "Vas, Peter"]
[Result "0-1"]
[WhiteElo "2237"]
[BlackElo "2196"]
[PlyCount "78"]
[EventDate "2008.06.07"]
[Source "www.chesslib.no"]
[SourceDate "2004.05.04"]

1. e4 e5 2. Nc3 Nf6 3. f4 d5 4. fxe5 Nxe4 5. Qf3 Nxc3 6. dxc3 Nc6 7. Bf4 g5 8. Bg3 h5 9. Bb5 Bc5 10. h3 Be6 11. O-O-O Qe7 12. Ne2 O-O-O 13. Bxc6 bxc6 14. Nd4 Kb7 15. Qe2 h4 16. Bf2 Bb6 17. Rhf1 Rde8 18. Rde1 Bd7 19. Bg1 g4 20. Nf5 Qg5+ 21. Be3 Bxe3+ 22. Qxe3 Qxe3+ 23. Rxe3 gxh3 24. gxh3 Rh5 25. Nd4 Rhxe5 26. Rxe5 Rxe5 27. Rxf7 Bxh3 28. Rh7 Re4 29. Nf3 Bf5 30. Rxh4 Rxh4 31. Nxh4 Be4 32. c4 d4 33. b4 c5 34. a3 cxb4 35. axb4 c5 36. bxc5 Kc6 37. c3 d3 38. Nf3 Bxf3 39. Kd2 Be4 0-1

[Event "Paris op"]
[Site "Paris"]
[Date "1997.??.??"]
[Round "?"]
[White "Baury, Ghislain"]
[Black "Demarre, Jacques"]
[Result "1-0"]
[WhiteElo "2145"]
[BlackElo "2280"]
[PlyCount "33"]
[EventDate "1997.??.??"]
[Source "www.chesslib.no"]
[SourceDate "2004.05.04"]

1. e4 e5 2. Nc3 Nf6 3. f4 d5 4. fxe5 Nxe4 5. Qf3 Nc6 6. Bb5 Nxc3 7. dxc3 Be7 8. Bf4 h5 9. h3 Bg5 10. Ne2 O-O 11. Bxc6 bxc6 12. Qxh5 Bxf4 13. Nxf4 Rb8 14. O-O-O Qe7 15. Rd3 Be6 16. Rg3 Rb5 17. Qh6 1-0

[Event "10. Open"]
[Site "?"]
[Date "2005.08.04"]
[Round "5"]
[White "Canonne Antoine"]
[Black "Boudre Jean-Pierre"]
[Result "0-1"]
[WhiteElo "2056"]
[BlackElo "2359"]
[PlyCount "132"]
[EventDate "2005.??.??"]
[Source "www.chesslib.no"]
[SourceDate "2004.05.04"]

1. e4 e5 2. Nc3 Nf6 3. f4 d5 4. fxe5 Nxe4 5. Qf3 Nc6 6. Bb5 Nxc3 7. dxc3 a6 8. Bxc6+ bxc6 9. Ne2 Be7 10. O-O O-O 11. Nd4 Bd7 12. Nf5 Bxf5 13. Qxf5 Bc5+ 14. Kh1 Qe7 15. Bf4 Qe6 16. g4 Rae8 17. Kg2 f6 18. Rae1 Qxf5 19. gxf5 fxe5 20. Bxe5 Bd6 21. Bxd6 cxd6 22. Rxe8 Rxe8 23. Rf4 Re2+ 24. Kg3 Rxc2 25. Ra4 Rxb2 26. Rxa6 Kf7 27. Rxc6 Ke7 28. Rc7+ Kf6 29. Rd7 Rb6 30. Kf4 Rc6 31. Ke3 Rxc3+ 32. Kd4 Ra3 33. Rxd6+ Kxf5 34. Rxd5+ Kg6 35. Rd6+ Kh5 36. Rd7 Kh6 37. Rd6+ g6 38. Ke4 Rxa2 39. h3 Ra3 40. Kf4 Rxh3 41. Kg4 Ra3 42. Rb6 Ra4+ 43. Kg3 Ra7 44. Kg4 Kg7 45. Rb4 h5+ 46. Kh4 Kh6 47. Kg3 Ra3+ 48. Kg2 Re3 49. Kf2 Re5 50. Kg3 Kg5 51. Rb3 h4+ 52. Kh3 Kh5 53. Rb2 g5 54. Kh2 g4 55. Rb8 Re2+ 56. Kg1 h3 57. Rh8+ Kg5 58. Kh1 Kf4 59. Rf8+ Kg3 60. Rf1 Rf2 61. Rg1+ Kf4 62. Ra1 g3 63. Ra4+ Kg5 64. Ra1 Kg4 65. Kg1 h2+ 66. Kh1 Kh3 0-1

[Event "Kaunas"]
[Site "?"]
[Date "1999.11.07"]
[Round "4"]
[White "Lasinskas Povilas"]
[Black "Asauskas Henrikas"]
[Result "0-1"]
[WhiteElo "2171"]
[BlackElo "2239"]
[PlyCount "80"]
[EventDate "1999.??.??"]
[Source "www.chesslib.no"]
[SourceDate "2004.05.04"]

1. e4 e5 2. Nc3 Nf6 3. f4 d5 4. fxe5 Nxe4 5. Qf3 Nxc3 6. bxc3 c5 7. Qg3 Nc6 8. Nf3 Qc7 9. Bb5 Bd7 10. O-O O-O-O 11. Bxc6 Bxc6 12. Ng5 Be8 13. d4 h6 14. Nf3 Bd7 15. Be3 c4 16. a4 Be6 17. Rfb1 g5 18. Rb2 Rd7 19. Nd2 f5 20. Qf3 f4 21. Bf2 h5 22. Qe2 Qa5 23. Nb1 Be7 24. Rb5 Qd8 25. a5 g4 26. Nd2 h4 27. a6 b6 28. Nxc4 dxc4 29. d5 Rxd5 30. Bxb6 Rxb5 31. Bxd8 Rxd8 32. Qe4 Rbd5 33. Rf1 f3 34. gxf3 gxf3 35. Qxf3 Rf8 36. Qe2 Bc5+ 37. Kg2 Rg8+ 38. Kh1 Bh3 39. Rf2 Bxf2 40. Qxc4+ Bc5 0-1

[Event "Techirghiol"]
[Site "Techirghiol"]
[Date "2000.07.08"]
[Round "6"]
[White "Kutnik, Alexandru"]
[Black "Ciornei, Dragos"]
[Result "1/2-1/2"]
[WhiteElo "2256"]
[BlackElo "2121"]
[PlyCount "110"]
[EventDate "2000.07.02"]
[Source "ChessBase"]
[SourceDate "2000.09.14"]

1. e4 e5 2. Nc3 Nf6 3. f4 d5 4. fxe5 Nxe4 5. Qf3 Nxc3 6. dxc3 Qh4+ 7. g3 Qe4+ 8. Qxe4 dxe4 9. Bg2 Bf5 10. Ne2 Nc6 11. Nd4 Nxd4 12. cxd4 O-O-O 13. c3 Be7 14. h4 f6 15. Bf4 fxe5 16. Bxe5 Bd6 17. Bxd6 Rxd6 18. Rf1 Bg6 19. Ke2 Rhd8 20. b4 b6 21. Ke3 c5 22. Rfd1 Kc7 23. a4 Bh5 24. Rd2 Bf3 25. Bxf3 exf3 26. Rad1 cxb4 27. cxb4 Rf6 28. Kf2 Re8 29. b5 Kd6 30. Rc1 Rf7 31. d5 Re2+ 32. Rxe2 fxe2+ 33. Kxe2 Kxd5 34. Ke3 Re7+ 35. Kf4 Re4+ 36. Kg5 Re5+ 37. Kf4 Re4+ 38. Kg5 Re5+ 39. Kg4 Re4+ 40. Kf3 Rxa4 41. Rc7 g6 42. Rxh7 Ke5 43. Rc7 Kf5 44. Rf7+ Ke6 45. Rh7 Kf5 46. Rf7+ Ke6 47. Rh7 Kf5 48. h5 Ra3+ 49. Kf2 Ra2+ 50. Kf3 Ra3+ 51. Kg2 gxh5 52. Rxh5+ Kg4 53. Rh4+ Kg5 54. Rb4 Ra2+ 55. Kh3 Ra1 1/2-1/2

[Event "Jababeka women"]
[Site "?"]
[Date "2005.10.22"]
[Round "3"]
[White "Krivec Jana"]
[Black "Lindiawati Evi"]
[Result "1-0"]
[WhiteElo "2279"]
[BlackElo "2091"]
[PlyCount "79"]
[EventDate "2005.??.??"]
[Source "www.chesslib.no"]
[SourceDate "2004.05.04"]

1. e4 e5 2. Nc3 Nf6 3. f4 d5 4. fxe5 Nxe4 5. Qf3 Nxc3 6. dxc3 Be6 7. Qg3 Nc6 8. Nf3 h6 9. Bb5 a6 10. Bxc6+ bxc6 11. Be3 g6 12. O-O Be7 13. Nd4 Qd7 14. Rf2 c5 15. Nb3 c4 16. Nc5 Bxc5 17. Bxc5 Qb5 18. Ba3 O-O-O 19. b3 d4 20. Be7 Rd7 21. Bf6 Re8 22. cxd4 Rxd4 23. Qe3 Qd7 24. Raf1 h5 25. Rf4 Rxf4 26. Qxf4 Qd5 27. h4 c5 28. Kh2 Kc7 29. Qc1 Bg4 30. Qa3 cxb3 31. axb3 Kb6 32. Ra1 Ra8 33. Qa5+ Kc6 34. Ra4 Be2 35. c4 Qd4 36. Ra1 Qf4+ 37. Kh1 Qe3 38. Re1 Qd3 39. Be7 Qd4 40. Rxe2 1-0

[Event "Nationale II - Est"]
[Site "?"]
[Date "2002.11.16"]
[Round "2.8"]
[White "Jablonski Noham"]
[Black "Bouton Christophe"]
[Result "1-0"]
[WhiteElo "2182"]
[BlackElo "2165"]
[PlyCount "169"]
[EventDate "2002.??.??"]
[Source "www.chesslib.no"]
[SourceDate "2004.05.04"]

1. e4 e5 2. Nc3 Nf6 3. f4 d5 4. fxe5 Nxe4 5. Qf3 Bc5 6. Nxe4 dxe4 7. Qxe4 Bxg1 8. Rxg1 Nc6 9. c3 Qe7 10. d4 f6 11. Bd3 fxe5 12. d5 Nd8 13. Be3 Nf7 14. Bb5+ Bd7 15. d6 cxd6 16. Qxb7 Rd8 17. O-O-O Bxb5 18. Qxb5+ Qd7 19. Qxd7+ Rxd7 20. Rd5 Ke7 21. Rgd1 Rc8 22. Kb1 Rc6 23. Ra5 a6 24. Rdd5 Ke6 25. Kc2 Nd8 26. Rd1 d5 27. Re1 Nf7 28. Ra4 e4 29. Bd4 Nd6 30. Rf1 Rf7 31. Rxf7 Kxf7 32. Rb4 Nf5 33. Kd2 Rg6 34. Rb7+ Ke8 35. g3 Nxd4 36. cxd4 h5 37. a4 Kd8 38. b4 Kc8 39. Rf7 Rb6 40. Rf5 Rxb4 41. Rxd5 Rb2+ 42. Ke3 Rxh2 43. Kxe4 h4 44. Rg5 hxg3 45. Rxg3 Ra2 46. Rxg7 Rxa4 47. Ke5 Ra1 48. d5 Rh1 49. Rg6 Re1+ 50. Kd6 a5 51. Rg4 Rh1 52. Ra4 Rh6+ 53. Kc5 Ra6 54. Kb5 Rh6 55. Rxa5 Rg6 56. Kc5 Rg1 57. Ra8+ Kd7 58. Ra7+ Kc8 59. Kc6 Rc1+ 60. Kd6 Rd1 61. Re7 Rc1 62. Re8+ Kb7 63. Kd7 Rh1 64. d6 Rh7+ 65. Re7 Rh8 66. Rg7 Rf8 67. Ke6+ Kc8 68. Ke7 Rd8 69. Rg3 Rd7+ 70. Ke6 Rd8 71. Rc3+ Kb7 72. Kd5 Rh8 73. Rb3+ Kc8 74. Kc6 Rh6 75. Rg3 Rh8 76. Rg7 Kb8 77. Rb7+ Ka8 78. Rb2 Rh1 79. d7 Rc1+ 80. Kd6 Rd1+ 81. Ke7 Re1+ 82. Kd8 Rh1 83. Re2 Kb7 84. Ke7 Rh7+ 85. Kd6 1-0

[Event "FRA-chT N2 "]
[Site "?"]
[Date "2002.10.13"]
[Round "1.3"]
[White "Strugnell Carl"]
[Black "Gharamian Tigran"]
[Result "0-1"]
[WhiteElo "2079"]
[BlackElo "2250"]
[PlyCount "64"]
[EventDate "2002.??.??"]
[Source "www.chesslib.no"]
[SourceDate "2004.05.04"]

1. e4 e5 2. Nc3 Nf6 3. f4 d5 4. fxe5 Nxe4 5. Qf3 Nxc3 6. dxc3 c6 7. Qg3 Nd7 8. Nf3 Nc5 9. h4 Qd7 10. Bf4 Ne4 11. Qh2 Bc5 12. Nd4 Qe7 13. a3 f6 14. Bd3 fxe5 15. Bxe5 O-O 16. Bxe4 Re8 17. O-O-O Qxe5 18. Qxe5 Rxe5 19. Bf3 Re7 20. c4 dxc4 21. Nxc6 bxc6 22. Rd8+ Kf7 23. Rf1 Kg6 24. Bxc6 Bb7 25. Rxa8 Bxc6 26. Rc8 Bxg2 27. h5+ Kh6 28. Rf5 Be3+ 29. Kb1 Bh3 30. Rc6+ g6 31. Ra5 Bb6 32. Ra6 Kxh5 0-1

[Event "Asturias (Spain)"]
[Site "?"]
[Date "2004.03.20"]
[Round "7"]
[White "Fernandez Torre Ivan"]
[Black "Castelao Rodriguez Samuel"]
[Result "1-0"]
[WhiteElo "2165"]
[BlackElo "2153"]
[PlyCount "55"]
[EventDate "2004.??.??"]
[Source "www.chesslib.no"]
[SourceDate "2004.05.04"]

1. e4 e5 2. Nc3 Nf6 3. f4 d5 4. fxe5 Nxe4 5. Qf3 Nc6 6. Bb5 Nxc3 7. dxc3 a6 8. Bxc6+ bxc6 9. Ne2 Qh4+ 10. Ng3 Bc5 11. Be3 Bxe3 12. Qxe3 Qe7 13. O-O O-O 14. Rae1 Bd7 15. Qf4 Qe6 16. Nh5 Qg4 17. Qxg4 Bxg4 18. Nf4 Rae8 19. Nd3 Re7 20. Rf4 Bc8 21. Ra4 f6 22. e6 Rfe8 23. Nc5 Bxe6 24. Rxa6 Bf5 25. Rxe7 Rxe7 26. Rxc6 Bxc2 27. Kf2 Kf8 28. Rxc7 1-0

[Event "Jababeka women"]
[Site "?"]
[Date "2005.10.23"]
[Round "5"]
[White "Krivec Jana"]
[Black "Hui Sau-Mun Dawn"]
[Result "1-0"]
[WhiteElo "2279"]
[BlackElo "2005"]
[PlyCount "57"]
[EventDate "2005.??.??"]
[Source "www.chesslib.no"]
[SourceDate "2004.05.04"]

1. e4 e5 2. Nc3 Nf6 3. f4 d5 4. fxe5 Nxe4 5. Qf3 Nxc3 6. dxc3 Nc6 7. Bb5 Be7 8. Bf4 Be6 9. O-O-O a6 10. Bxc6+ bxc6 11. Qg3 Bf8 12. Nf3 Qd7 13. c4 g6 14. Ng5 Bg7 15. Ne4 Rb8 16. Nf6+ Bxf6 17. exf6 Rb7 18. Qa3 Qd8 19. Be5 a5 20. Rhe1 Rb4 21. cxd5 cxd5 22. Qxa5 Rc4 23. b3 Rc6 24. Qb4 Rb6 25. Qc5 c6 26. Bd4 Ra6 27. Rxe6+ fxe6 28. f7+ Kxf7 29. Rf1+ 1-0

[Event "HUN-ch U20"]
[Site "?"]
[Date "2000.04.18"]
[Round "5"]
[White "Dombai Istvan"]
[Black "Heindrich Janos"]
[Result "1/2-1/2"]
[WhiteElo "2128"]
[BlackElo "2134"]
[PlyCount "36"]
[EventDate "2000.??.??"]
[Source "www.chesslib.no"]
[SourceDate "2004.05.04"]

1. e4 e5 2. Nc3 Nf6 3. f4 d5 4. fxe5 Nxe4 5. Qf3 Nxc3 6. dxc3 Nc6 7. Bf4 Be6 8. O-O-O Qe7 9. Bb5 Qc5 10. Qe2 a6 11. Bxc6+ Qxc6 12. Nf3 Qa4 13. Nd4 Be7 14. Kb1 O-O 15. Rhf1 Qd7 16. Nxe6 Qxe6 17. Qd3 c6 18. Rf3 b5 1/2-1/2

[Event "Moratalaz op 16th"]
[Site "Madrid"]
[Date "2000.09.28"]
[Round "8"]
[White "Lorite Cruz, Francisco"]
[Black "Martinez Cano, German"]
[Result "1-0"]
[WhiteElo "2198"]
[BlackElo "2062"]
[PlyCount "69"]
[EventDate "2000.09.19"]
[Source "www.chesslib.no"]
[SourceDate "2004.05.04"]

1. e4 e5 2. Nc3 Nf6 3. f4 d5 4. fxe5 Nxe4 5. Qf3 Nxc3 6. bxc3 Be7 7. d4 O-O 8. Bd3 c5 9. Ne2 f5 10. Nf4 Nc6 11. Be3 cxd4 12. cxd4 Bb4+ 13. Kf2 g5 14. Qxd5+ Kh8 15. Qxd8 Rxd8 16. Ne2 f4 17. Bc1 Nxd4 18. Nxd4 Bc3 19. Nb3 Bxa1 20. Nxa1 Be6 21. Nb3 Rac8 22. h4 g4 23. Bxf4 Rf8 24. Kg3 h5 25. Bg5 Kg8 26. Nd4 Bxa2 27. e6 a6 28. e7 Rfe8 29. Re1 Bd5 30. Re5 Bc4 31. Nf5 Bxd3 32. cxd3 Rc6 33. Rd5 b5 34. Rd8 Kf7 35. Rxe8 1-0

[Event "Bratislava Slovan Open"]
[Site "?"]
[Date "1999.??.??"]
[Round "3"]
[White "Kukel Imre Jr"]
[Black "Pokorna Regina"]
[Result "1/2-1/2"]
[WhiteElo "2055"]
[BlackElo "2196"]
[PlyCount "37"]
[EventDate "1999.??.??"]
[Source "www.chesslib.no"]
[SourceDate "2004.05.04"]

1. e4 e5 2. Nc3 Nf6 3. f4 d5 4. fxe5 Nxe4 5. Qf3 Nxc3 6. bxc3 Be7 7. d4 O-O 8. Bd3 c5 9. Qh5 g6 10. Qh6 Re8 11. Nf3 Bf8 12. Qf4 Bg7 13. O-O c4 14. Be2 Nd7 15. Ba3 f6 16. Bd6 Nf8 17. exf6 Qxf6 18. Qxf6 Bxf6 19. Ne5 1/2-1/2

[Event "30th Greek Women Championship"]
[Site "Igoumenitsa"]
[Date "2007.12.02"]
[Round "2.9"]
[White "Manolaraki, Yvonni"]
[Black "Markantonaki, Haritomeni"]
[Result "1-0"]
[WhiteElo "2088"]
[BlackElo "2161"]
[PlyCount "131"]
[EventDate "2007.??.??"]
[Source "www.chesslib.no"]
[SourceDate "2004.05.04"]

1. e4 e5 2. Nc3 Nf6 3. f4 d5 4. fxe5 Nxe4 5. Qf3 Nxc3 6. dxc3 Bc5 7. Qg3 Nc6 8. Nf3 g6 9. Bb5 Bd7 10. Bf4 a6 11. Bxc6 bxc6 12. e6 Bxe6 13. Bxc7 Qe7 14. O-O-O O-O 15. Rde1 Ra7 16. Bf4 Re8 17. h4 Qd8 18. h5 Bf5 19. hxg6 Rxe1+ 20. Rxe1 fxg6 21. Re5 Be4 22. Ng5 Rd7 23. Nxe4 dxe4 24. b4 Rd1+ 25. Kb2 Bf8 26. Rxe4 a5 27. Qg4 Qd7 28. Qxd7 Rxd7 29. a3 a4 30. Re8 Kf7 31. Ra8 Be7 32. Rxa4 g5 33. Be5 Rd2 34. g3 Ke6 35. Bc7 h5 36. Ra5 h4 37. gxh4 gxh4 38. Rh5 Rf2 39. a4 Rf3 40. Be5 Bd8 41. a5 Rf8 42. Kb3 Be7 43. Kc4 Ra8 44. Bd4 Kf7 45. Rh7+ Ke6 46. Rh6+ Kd7 47. Bc5 Bg5 48. Rh5 Bf6 49. Bd4 Be7 50. Kd3 Ke6 51. Bf2 Rf8 52. Bxh4 Rf3+ 53. Kd2 Rh3 54. a6 Bxh4 55. a7 Bg5+ 56. Rxg5 Rh8 57. Ra5 Ra8 58. Kd3 Kd6 59. Kc4 Kc7 60. Kc5 Kb7 61. c4 Kc7 62. b5 cxb5 63. cxb5 Kb7 64. c4 Kc7 65. b6+ Kb7 66. Kd5 1-0

[Event "France"]
[Site "?"]
[Date "2003.11.15"]
[Round "2"]
[White "Le Corre Patrick"]
[Black "Toma Michal"]
[Result "0-1"]
[WhiteElo "2084"]
[BlackElo "2136"]
[PlyCount "62"]
[EventDate "2003.??.??"]
[Source "www.chesslib.no"]
[SourceDate "2004.05.04"]

1. e4 e5 2. Nc3 Nf6 3. f4 d5 4. fxe5 Nxe4 5. Qf3 f5 6. d3 Nxc3 7. bxc3 c5 8. d4 cxd4 9. cxd4 Qh4+ 10. g3 Qxd4 11. c3 Qxe5+ 12. Ne2 Bd7 13. Be3 Bd6 14. Bg2 Qe7 15. O-O Bc6 16. Nd4 O-O 17. Rae1 Qd7 18. Qh5 g6 19. Qh6 Na6 20. Bg5 Nc5 21. Bh3 Ne4 22. Rf3 Bc5 23. Kg2 Rae8 24. Bf4 Qg7 25. Qxg7+ Kxg7 26. Rb1 Nxc3 27. Rxc3 Bxd4 28. Rc2 Bf6 29. Bd6 Rf7 30. Kf1 Rd7 31. Bb4 Bb5+ 0-1

[Event "Dunajska Streda op"]
[Site "?"]
[Date "1998.??.??"]
[Round "?"]
[White "Orgon Dusan"]
[Black "Pokorna Regina"]
[Result "0-1"]
[WhiteElo "2020"]
[BlackElo "2200"]
[PlyCount "48"]
[EventDate "1998.??.??"]
[Source "www.chesslib.no"]
[SourceDate "2004.05.04"]

1. e4 e5 2. Nc3 Nf6 3. f4 d5 4. fxe5 Nxe4 5. Qf3 Nxc3 6. dxc3 Be6 7. Qg3 c5 8. Nf3 h6 9. Be3 Nc6 10. O-O-O Qa5 11. a3 O-O-O 12. h4 b5 13. Qf2 b4 14. cxb4 cxb4 15. Bd2 Qa4 16. Qe2 Kc7 17. Qb5 Qxb5 18. Bxb5 bxa3 19. b3 Bc5 20. Kb1 Rb8 21. Bxc6 Kxc6 22. Bc3 Bf5 23. Nd4+ Bxd4 24. Rxd4 Rxb3+ 0-1

[Event "Slovenie (championnat clubs)"]
[Site "?"]
[Date "2004.11.22"]
[Round "5"]
[White "Krivec Jana"]
[Black "Ursic Simona"]
[Result "1-0"]
[WhiteElo "2214"]
[BlackElo "1946"]
[PlyCount "69"]
[EventDate "2004.??.??"]
[Source "www.chesslib.no"]
[SourceDate "2004.05.04"]

1. e4 e5 2. Nc3 Nf6 3. f4 d5 4. fxe5 Nxe4 5. Qf3 Nxc3 6. dxc3 Qh4+ 7. g3 Qe4+ 8. Qxe4 dxe4 9. Bg2 Bf5 10. Ne2 Bc5 11. Nd4 Bg6 12. Bf4 c6 13. O-O-O Nd7 14. Rhe1 Bxd4 15. cxd4 f5 16. exf6 Nxf6 17. Be5 O-O 18. Bxf6 Rxf6 19. Bxe4 Bxe4 20. Rxe4 Rf2 21. h4 Raf8 22. Re7 b6 23. Rxa7 Rg2 24. Ra3 Rf6 25. b4 b5 26. Rc3 Rg6 27. d5 cxd5 28. Rxd5 R2xg3 29. Rxg3 Rxg3 30. Rxb5 Rh3 31. a4 Ra3 32. a5 Kf7 33. Kb2 Re3 34. a6 Re8 35. a7 1-0

[Event "pk-hsb-7"]
[Site "?"]
[Date "1994.??.??"]
[Round "?"]
[White "Voorberg, Johan"]
[Black "Beek, Lucien Van"]
[Result "1/2-1/2"]
[WhiteElo "2065"]
[BlackElo "2065"]
[PlyCount "97"]
[EventDate "1994.??.??"]
[Source "www.chesslib.no"]
[SourceDate "2004.05.04"]

1. e4 e5 2. Nc3 Nf6 3. f4 d5 4. fxe5 Nxe4 5. Qf3 f5 6. exf6 Nxf6 7. d4 Bg4 8. Qe3+ Be7 9. Be2 Bf5 10. Qg5 Bxc2 11. Qxg7 Rg8 12. Bh5+ Kd7 13. Qh6 Rxg2 14. Bf3 Rg8 15. Bf4 Nc6 16. Qh3+ Ke8 17. Nge2 Qd7 18. Qxd7+ Kxd7 19. Nxd5 Nxd5 20. Bxd5 Rgf8 21. Kd2 Bg6 22. Be3 Nb4 23. Bb3 Nd3 24. Rhg1 Nf2 25. Nf4 Ne4+ 26. Ke2 Bf5 27. Nd5 Bd6 28. Rg7+ Kd8 29. Nf4 Re8 30. Kf3 Nf6 31. Rf7 Bg4+ 32. Kf2 Ne4+ 33. Kg2 Ng5 34. Rg7 h6 35. Nd5 Bf3+ 36. Kf2 Rf8 37. Bxg5+ hxg5 38. Ke3 g4 39. Nc3 Bxh2 40. Rf1 Bf4+ 41. Kd3 Bd6 42. Be6 Be4+ 43. Nxe4 Rxf1 44. Bxg4 Ke8 45. Ng5 a5 46. Bh5+ Kd8 47. Ne6+ Kc8 48. Rg8+ Kd7 49. Rxa8 1/2-1/2

[Event "Paris FRA"]
[Site "?"]
[Date "2003.02.16"]
[Round "5"]
[White "Jablonski Noham"]
[Black "Cheron Stephane"]
[Result "1-0"]
[WhiteElo "2182"]
[BlackElo "1910"]
[PlyCount "79"]
[EventDate "2003.??.??"]
[Source "www.chesslib.no"]
[SourceDate "2004.05.04"]

1. e4 e5 2. Nc3 Nf6 3. f4 d5 4. fxe5 Nxe4 5. Qf3 Nxc3 6. dxc3 Be6 7. Bd3 Nd7 8. Bf4 g5 9. Bg3 Bg7 10. Qe3 Qe7 11. O-O-O h5 12. h3 h4 13. Bh2 Bh6 14. Ne2 Nb6 15. Nd4 O-O-O 16. Kb1 Kb8 17. Rhf1 g4 18. Bf4 Bxf4 19. Rxf4 gxh3 20. gxh3 Rdg8 21. Nf5 Bxf5 22. Rxf5 Rg3 23. Qf4 Rg7 24. Rf1 Re8 25. Bb5 Rf8 26. a3 a6 27. Be2 Nd7 28. Bf3 Qe6 29. Rd1 Nb6 30. Bg4 Nc4 31. Be2 Ne3 32. Rf6 Qxh3 33. Qb4 Rfg8 34. Bxa6 Qc8 35. Rc1 Rg1 36. Rxf7 h3 37. Rh7 R1g2 38. Rxh3 Ka7 39. Rxe3 bxa6 40. Qc5+ 1-0

[Event "07sen.LSEM Ruhrgebiet op"]
[Site "?"]
[Date "2000.04.06"]
[Round "2"]
[White "Klibanov Efim"]
[Black "Dahlhaus Friedhelm"]
[Result "1-0"]
[WhiteElo "1929"]
[BlackElo "2131"]
[PlyCount "27"]
[EventDate "2000.??.??"]
[Source "www.chesslib.no"]
[SourceDate "2004.05.04"]

1. e4 e5 2. Nc3 Nf6 3. f4 d5 4. fxe5 Nxe4 5. Qf3 Nc6 6. Bb5 Nxc3 7. bxc3 Be7 8. d4 O-O 9. Bd3 Be6 10. Ne2 Qd7 11. O-O Bg4 12. Qg3 Rae8 13. Nf4 Bg5 14. e6 1-0

[Event "NII"]
[Site "?"]
[Date "2003.03.15"]
[Round "8.8"]
[White "Fourzoli Nadim"]
[Black "Lisanti Marco"]
[Result "0-1"]
[WhiteElo "1950"]
[BlackElo "2090"]
[PlyCount "76"]
[EventDate "2003.??.??"]
[Source "www.chesslib.no"]
[SourceDate "2004.05.04"]

1. e4 e5 2. Nc3 Nf6 3. f4 d5 4. fxe5 Nxe4 5. Qf3 Nxc3 6. dxc3 Bc5 7. Bf4 h5 8. Qg3 g6 9. O-O-O Be6 10. Bg5 Be7 11. Nf3 Nd7 12. Qf4 c6 13. Bd3 Nc5 14. Rhf1 Bg4 15. Bxe7 Qxe7 16. Rde1 O-O-O 17. Ng5 Ne6 18. Nxe6 Bxe6 19. h4 Rhe8 20. Qa4 Kb8 21. Rf6 Qc7 22. Qf4 Qa5 23. a3 Re7 24. Rg1 c5 25. Be2 d4 26. c4 Ka8 27. Qg5 Rde8 28. Qg3 Bf5 29. Bxh5 Rxe5 30. Bd1 Re3 31. Qf2 d3 32. cxd3 Bxd3 33. Rxf7 R3e4 34. Rf4 a6 35. Rxe4 Rxe4 36. b3 Qc3+ 37. Bc2 Rf4 38. Qd2 Qa1+ 0-1

[Event "Bayernliga 2001/02"]
[Site "?"]
[Date "2002.??.??"]
[Round "6"]
[White "Marian Marc"]
[Black "Steffelmaier Max"]
[Result "1-0"]
[WhiteElo "2040"]
[BlackElo "1920"]
[PlyCount "85"]
[EventDate "2002.??.??"]
[Source "www.chesslib.no"]
[SourceDate "2004.05.04"]

1. e4 e5 2. Nc3 Nf6 3. f4 d5 4. fxe5 Nxe4 5. Qf3 Nxc3 6. dxc3 Be6 7. Bf4 c6 8. Bd3 Nd7 9. Ne2 Bc5 10. Qg3 Qb6 11. O-O-O O-O-O 12. Rhf1 h6 13. Rf3 g5 14. Be3 g4 15. Bxc5 Nxc5 16. Rff1 Ne4 17. Qf4 Nc5 18. Nd4 Na4 19. Nb3 Nc5 20. Nd4 Na4 21. Nb3 Nc5 22. Nxc5 Qxc5 23. Qd4 Qe7 24. Rf6 c5 25. Qf4 d4 26. c4 Rdg8 27. Bf5 Rg5 28. Bxe6+ fxe6 29. Rf1 Rh7 30. Rf8+ Kc7 31. b3 Rhg7 32. Rf6 h5 33. g3 a5 34. Qe4 Qd7 35. Qe1 Kb6 36. Rf8 Qc7 37. Ra8 Kc6 38. Rff8 Qxe5 39. Qxa5 Qe3+ 40. Kb1 Qg1+ 41. Kb2 Rc7 42. Rfd8 Rd7 43. Rxd7 1-0

[Event "07sen.LSEM Ruhrgebiet op"]
[Site "?"]
[Date "2000.04.07"]
[Round "3"]
[White "Klibanov Efim"]
[Black "Hellbing Horst"]
[Result "0-1"]
[WhiteElo "1929"]
[BlackElo "2015"]
[PlyCount "66"]
[EventDate "2000.??.??"]
[Source "www.chesslib.no"]
[SourceDate "2004.05.04"]

1. e4 e5 2. Nc3 Nf6 3. f4 d5 4. fxe5 Nxe4 5. Qf3 Nc6 6. Bb5 Bd7 7. Nxd5 Ng5 8. Qe3 Ne6 9. c3 Nxe5 10. Qxe5 c6 11. d4 cxb5 12. Bg5 Qxg5 13. Nc7+ Ke7 14. Qxg5+ Nxg5 15. Nxa8 Kd6 16. h4 Ne4 17. Ne2 Be7 18. O-O f5 19. Nb6 axb6 20. g3 g5 21. h5 Nf6 22. b3 Be6 23. Rad1 Nxh5 24. d5 Bd7 25. Kg2 Rc8 26. Rd3 f4 27. Rh1 Bg4 28. Nd4 fxg3 29. Nxb5+ Kd7 30. Rd2 Bd6 31. Nxd6 Kxd6 32. Re1 Bf3+ 33. Kg1 Nf4 0-1

[Event "otb"]
[Site "otb"]
[Date "2007.04.02"]
[Round "2"]
[White "Rodriguez Gonzalez Alex"]
[Black "Santos Latasa J"]
[Result "1/2-1/2"]
[WhiteElo "2091"]
[BlackElo "1844"]
[PlyCount "26"]
[Source "www.chesslib.no"]
[SourceDate "2004.05.04"]

1. e4 e5 2. Nc3 Nf6 3. f4 d5 4. fxe5 Nxe4 5. Qf3 Nxc3 6. bxc3 Be7 7. d4 O-O 8. Bd3 f6 9. Qh5 g6 10. Bxg6 hxg6 11. Qxg6+ Kh8 12. Qh6+ Kg8 13. Qg6+ Kh8 1/2-1/2

[Event "Tournament (Elo) (b)"]
[Site "Budapest (Hungary)"]
[Date "2007.08.11"]
[Round "8"]
[White "Papp Petra"]
[Black "Nagy Aron (HUN)"]
[Result "1/2-1/2"]
[WhiteElo "1998"]
[BlackElo "1930"]
[PlyCount "29"]
[EventDate "2007.??.??"]
[Source "www.chesslib.no"]
[SourceDate "2004.05.04"]

1. e4 e5 2. Nc3 Nf6 3. f4 d5 4. fxe5 Nxe4 5. Qf3 f5 6. d4 c5 7. Be3 Nc6 8. Bb5 Be7 9. Nge2 O-O 10. O-O-O c4 11. Bxc6 bxc6 12. Rhf1 Rb8 13. Nxe4 fxe4 14. Qg3 Qa5 15. Bh6 1/2-1/2